[Event "2. Campeonato Iberoamericano Grupo A"]
[Site "Morelia MEX"]
[Date "2008.02.15"]
[Round "1.1"]
[White "Vescovi, Giovanni P"]
[Black "De la Riva Aguado, Oscar"]
[Result "1/2-1/2"]
[WhiteElo "2617"]
[BlackElo "2548"]
[PlyCount "42"]
[EventDate "2008.02.15"]
[EventType "tourn"]
[EventRounds "5"]
[EventCountry "MEX"]
[Source "lmi"]
[SourceDate "2008.02.15"]

1. d4 d5 2. c4 c6 3. Nf3 Nf6 4. e3 Bg4 5. Nbd2 e6 6. Be2 Nbd7 7. O-O Bd6 8. h3
Bh5 9. b3 O-O 10. Bb2 Qb8 11. Rc1 Re8 12. Re1 Bg6 13. a3 a5 14. Nh4 e5 15. Nxg6
hxg6 16. cxd5 cxd5 17. e4 dxe4 18. Bb5 exd4 19. Bxd7 Nxd7 20. Nxe4 Nf8 21. Qxd4
Be5 1/2-1/2

[Event "2. Campeonato Iberoamericano Grupo A"]
[Site "Morelia MEX"]
[Date "2008.02.15"]
[Round "1.2"]
[White "Gonzalez Zamora, Juan Carlos"]
[Black "Roselli Mailhe, Bernardo"]
[Result "1-0"]
[WhiteElo "2556"]
[BlackElo "2420"]
[PlyCount "151"]
[EventDate "2008.02.15"]
[EventType "tourn"]
[EventRounds "5"]
[EventCountry "MEX"]
[Source "lmi"]
[SourceDate "2008.02.15"]

1. c4 g6 2. Nc3 Bg7 3. g3 d6 4. Bg2 e5 5. e3 Nc6 6. Nge2 Bd7 7. d3 Qc8 8. h3
Nf6 9. b3 O-O 10. Bb2 Ne7 11. Qd2 Bc6 12. e4 Bd7 13. g4 h5 14. f3 c5 15. O-O-O
Qd8 16. Rdg1 Nc6 17. Nd5 h4 18. f4 exf4 19. Ndxf4 g5 20. Nh5 Nxh5 21. gxh5
Bxb2+ 22. Kxb2 Qf6+ 23. Kb1 Kh7 24. e5 Qxe5 25. Bxc6 Bxc6 26. Rxg5 Qf6 27. Rhg1
Rg8 28. Qf4 Qxf4 29. Nxf4 Rae8 30. Kc2 Rxg5 31. Rxg5 Re5 32. Rg4 Bf3 33. Rxh4
Kh6 34. Kc3 Kg5 35. Ng2 f5 36. h6 Re8 37. h7 Rh8 38. Nf4 Bc6 39. d4 Be8 40. Ng2
Bh5 41. Rf4 Rxh7 42. h4+ Kg6 43. Ne3 Re7 44. Kd3 Rf7 45. Kd2 Rf8 46. Kd3 Rf7
47. Rf2 Rf8 48. Rf1 Rf7 49. Nd5 Kh7 50. Nf4 Bg4 51. Re1 Bf3 52. Re6 Be4+ 53.
Ke3 Rg7 54. Rxd6 Rg3+ 55. Ke2 cxd4 56. Rxd4 Rg4 57. Rd7+ Kh6 58. Rd6+ Kh7 59.
Nd5 Rxh4 60. Ke3 Bxd5 61. cxd5 Re4+ 62. Kf3 b5 63. Rf6 Rd4 64. Rxf5 Kg6 65. Ke3
Rd1 66. Re5 Kf6 67. Re6+ Kf5 68. Ra6 Rxd5 69. Rxa7 Ke5 70. Ra6 Rc5 71. Rb6 Rd5
72. Rh6 Rc5 73. Rh5+ Kd6 74. Rxc5 Kxc5 75. Ke4 Kc6 76. b4 1-0

[Event "2. Campeonato Iberoamericano Grupo A"]
[Site "Morelia MEX"]
[Date "2008.02.15"]
[Round "1.3"]
[White "Bermudez Adams, William"]
[Black "Valdes, Leonardo"]
[Result "1-0"]
[WhiteElo "2183"]
[BlackElo "2401"]
[PlyCount "181"]
[EventDate "2008.02.15"]
[EventType "tourn"]
[EventRounds "5"]
[EventCountry "MEX"]
[Source "lmi"]
[SourceDate "2008.02.15"]

1. e4 d6 2. d4 Nf6 3. Nc3 g6 4. Be3 Bg7 5. Qd2 c6 6. Bd3 Ng4 7. Nf3 Nxe3 8.
Qxe3 Nd7 9. O-O Qc7 10. a4 O-O 11. Rfe1 e5 12. dxe5 dxe5 13. Bc4 Qb6 14. Qxb6
Nxb6 15. Ba2 a5 16. h3 Bf6 17. Rad1 Kg7 18. Nd2 Be7 19. Nc4 Nxc4 20. Bxc4 Rd8
21. Rxd8 Bxd8 22. Rd1 Bc7 23. Rd3 f6 24. g4 Kf8 25. Ne2 Ke7 26. Rb3 Rb8 27. Nc1
Bd7 28. Nd3 Bd6 29. Ne1 b5 30. axb5 cxb5 31. Bd5 b4 32. Rd3 a4 33. Rd1 Rc8 34.
Ra1 Rc7 35. Kg2 Rc8 36. Ra2 Bb5 37. Ra1 Rc7 38. Ra2 Rc8 39. Ra1 Bc5 40. c4 bxc3
41. bxc3 Bd6 42. c4 Bd7 43. Nd3 Bc5 44. Ra2 Bd4 45. Kf3 Kd6 46. Ke2 Rb8 47. Kf3
Bc5 48. Ke2 Rb1 49. Nb2 a3 50. Nd3 Rb3 51. f3 Rb1 52. Kd2 Rh1 53. Kc3 Bd4+ 54.
Kb4 Rxh3 55. Rxa3 Rxf3 56. c5+ Kc7 57. Ra7+ Kd8 58. Kc4 h5 59. gxh5 gxh5 60.
Ra8+ Ke7 61. c6 Bh3 62. c7 Rg3 63. c8=Q Bxc8 64. Rxc8 h4 65. Rc7+ Ke8 66. Rh7
h3 67. Be6 Re3 68. Rxh3 Rxh3 69. Bxh3 Ke7 70. Nf4 Bf2 71. Nd5+ Kf7 72. Bf5 Be1
73. Kc5 Bd2 74. Kd6 Bc1 75. Bg4 Ba3+ 76. Kd7 Bc1 77. Bh5+ Kg7 78. Ke6 Bg5 79.
Ne7 Kh6 80. Bg4 Kg7 81. Bh5 Kh6 82. Be8 Kg7 83. Nf5+ Kg8 84. Ke7 Kh7 85. Kf7
Kh8 86. Ne7 Kh7 87. Nd5 Kh6 88. Nxf6 Bc1 89. Ng4+ Kg5 90. Bd7 Kf4 91. Bf5 1-0

[Event "2. Campeonato Iberoamericano Grupo A"]
[Site "Morelia MEX"]
[Date "2008.02.16"]
[Round "2.1"]
[White "De la Riva Aguado, Oscar"]
[Black "Valdes, Leonardo"]
[Result "1/2-1/2"]
[WhiteElo "2548"]
[BlackElo "2401"]
[PlyCount "54"]
[EventDate "2008.02.15"]
[EventType "tourn"]
[EventRounds "5"]
[EventCountry "MEX"]
[Source "lmi"]
[SourceDate "2008.02.15"]

1. e4 d6 2. d4 Nf6 3. Nc3 g6 4. Bg5 c6 5. f4 b5 6. Bd3 Bg7 7. Qd2 O-O 8. Nf3
Bg4 9. O-O Qb6 10. Ne2 c5 11. e5 d5 12. c3 Ne4 13. Qe3 cxd4 14. Nexd4 Nxg5 15.
Nxg5 Nc6 16. h3 Bd7 17. Rae1 Rab8 18. a3 a5 19. Kh1 e6 20. Bxb5 Nxd4 21. Bxd7
Nf5 22. Qxb6 Rxb6 23. Rf2 h6 24. g4 Nh4 25. Nf3 Rd8 26. Ba4 Rxb2 27. f5 Ra2
1/2-1/2

[Event "2. Campeonato Iberoamericano Grupo A"]
[Site "Morelia MEX"]
[Date "2008.02.16"]
[Round "2.3"]
[White "Vescovi, Giovanni P"]
[Black "Gonzalez Zamora, Juan Carlos"]
[Result "1-0"]
[WhiteElo "2617"]
[BlackElo "2556"]
[PlyCount "71"]
[EventDate "2008.02.15"]
[EventType "tourn"]
[EventRounds "5"]
[EventCountry "MEX"]
[Source "lmi"]
[SourceDate "2008.02.15"]

1. e4 c5 2. Nf3 d6 3. d4 cxd4 4. Nxd4 Nf6 5. Nc3 Nc6 6. Bg5 e6 7. Qd2 a6 8.
O-O-O Bd7 9. f4 h6 10. Bh4 g5 11. fxg5 Ng4 12. Nf3 Be7 13. e5 Ngxe5 14. Ne4
hxg5 15. Bxg5 Nxf3 16. gxf3 Bxg5 17. Nxg5 Qe7 18. f4 d5 19. c4 O-O-O 20. Kb1 f6
21. Nf3 dxc4 22. Bxc4 e5 23. Qc1 Rh3 24. Rhf1 Bf5+ 25. Ka1 Rxd1 26. Qxd1 Nb4
27. a3 Nc2+ 28. Ka2 Qc5 29. Bb3 Ne3 30. Qc1 b6 31. fxe5 Nxf1 32. Qxf1 Bg4 33.
Qg2 f5 34. Ng5 Rxb3 35. Qa8+ Kd7 36. Qb7+ 1-0

[Event "2. Campeonato Iberoamericano Grupo A"]
[Site "Morelia MEX"]
[Date "2008.02.17"]
[Round "3.2"]
[White "Bermudez Adams, William"]
[Black "Vescovi, Giovanni P"]
[Result "0-1"]
[WhiteElo "2183"]
[BlackElo "2617"]
[PlyCount "94"]
[EventDate "2008.02.15"]
[EventType "tourn"]
[EventRounds "5"]
[EventCountry "MEX"]
[Source "lmi"]
[SourceDate "2008.02.15"]

1. e4 e6 2. d4 d5 3. e5 c5 4. c3 Qb6 5. Nf3 Bd7 6. c4 Nc6 7. cxd5 exd5 8. Nc3
cxd4 9. Nb5 a6 10. Nd6+ Bxd6 11. exd6 Qb4+ 12. Qd2 Qxd6 13. Nxd4 Nf6 14. Qe3+
Ne4 15. Nxc6 Bxc6 16. Bd3 d4 17. Qf4 Qb4+ 18. Kf1 O-O 19. h4 Rfe8 20. Kg1 Qe1+
21. Kh2 Qxf2 22. Rf1 Qxf4+ 23. Bxf4 Bb5 24. Rad1 Bxd3 25. Rxd3 Rad8 26. Bc7 Rd7
27. Bb6 Rd6 28. Bc7 Rd7 29. Bb6 Rd6 30. Bc7 Nc5 31. Rd2 Rc6 32. Bf4 Re4 33. g3
Ne6 34. Bb8 g6 35. h5 f5 36. Ba7 Kf7 37. Rf3 Kf6 38. a4 Rc7 39. a5 Rd7 40. Rfd3
gxh5 41. Rc2 h4 42. Rcd2 hxg3+ 43. Rxg3 Rh4+ 44. Kg2 Rg4 45. Rxg4 fxg4 46. Kg3
h5 47. Kh4 Kg6 0-1

[Event "2. Campeonato Iberoamericano Grupo B"]
[Site "Morelia MEX"]
[Date "2008.02.15"]
[Round "1.2"]
[White "Flores, Diego"]
[Black "Escobar Forero, Alder"]
[Result "1-0"]
[WhiteElo "2558"]
[BlackElo "2461"]
[PlyCount "67"]
[EventDate "2008.02.15"]
[EventType "tourn"]
[EventRounds "5"]
[EventCountry "MEX"]
[Source "lmi"]
[SourceDate "2008.02.15"]

1. Nf3 d5 2. c4 e6 3. b3 Nf6 4. Bb2 c5 5. g3 dxc4 6. bxc4 b6 7. Bg2 Bb7 8. O-O
Be7 9. e3 O-O 10. Qe2 Nc6 11. Nc3 a6 12. Ne1 Na5 13. f4 Bxg2 14. Nxg2 Qd7 15.
Rf2 Rfd8 16. Ne1 Rab8 17. a4 Rb7 18. g4 Ne8 19. g5 Nd6 20. d3 Nf5 21. Ne4 Nc6
22. Rf3 e5 23. fxe5 Nh4 24. Rg3 Qe6 25. Qh5 Nf5 26. Rh3 Qg6 27. Qg4 Qe6 28. Ng2
Qc8 29. Qh5 h6 30. gxh6 Nxh6 31. Nf6+ Kf8 32. Nf4 Nb4 33. e6 Nxd3 34. Qxf7+ 1-0

[Event "2. Campeonato Iberoamericano Grupo B"]
[Site "Morelia MEX"]
[Date "2008.02.15"]
[Round "1.3"]
[White "Lorenzana, Wilson Estuardo"]
[Black "Davila, Carlos"]
[Result "0-1"]
[WhiteElo "2230"]
[BlackElo "2376"]
[PlyCount "120"]
[EventDate "2008.02.15"]
[EventType "tourn"]
[EventRounds "5"]
[EventCountry "MEX"]
[Source "lmi"]
[SourceDate "2008.02.15"]

1. e4 e5 2. Nf3 Nc6 3. Bc4 Nf6 4. d3 h6 5. c3 d6 6. h3 g6 7. O-O Bg7 8. Re1 O-O
9. Nbd2 Bd7 10. Bb3 Kh7 11. Nf1 Qc8 12. Ng3 Be6 13. Ba4 Ng8 14. d4 Bd7 15. Bc2
b6 16. Be3 Nce7 17. Nh4 Qd8 18. dxe5 dxe5 19. Nf3 c5 20. a4 Qc7 21. Nd2 c4 22.
Nxc4 Bxh3 23. gxh3 Qxc4 24. a5 bxa5 25. Rxa5 Rab8 26. Rc5 Qe6 27. Qg4 Qxg4 28.
hxg4 Rxb2 29. Bd3 Nc8 30. Rc7 Bf6 31. Ba6 Nce7 32. Rxa7 Kg7 33. Rd1 Bg5 34. Bc5
Rfb8 35. Bd6 Rb1 36. Bxe5+ Bf6 37. Bxf6+ Nxf6 38. Rxb1 Rxb1+ 39. Kg2 Nc6 40.
Rc7 Ne5 41. f3 Rb2+ 42. Be2 Nd3 43. Kf1 Rb1+ 44. Kg2 Nf4+ 45. Kf2 Rb2 46. Kf1
Rb1+ 47. Kf2 Rb2 48. Kf1 Nh7 49. Bc4 Ng5 50. Ne2 Nxe2 51. Bxe2 h5 52. gxh5 gxh5
53. Bc4 h4 54. f4 h3 55. e5 h2 56. Bd5 Ne6 57. Rb7 Rd2 58. Be4 Nxf4 59. e6 Nxe6
60. Rb1 Nc5 0-1

[Event "2. Campeonato Iberoamericano Grupo B"]
[Site "Morelia MEX"]
[Date "2008.02.16"]
[Round "2.1"]
[White "Galego, Luis"]
[Black "Davila, Carlos"]
[Result "1-0"]
[WhiteElo "2529"]
[BlackElo "2376"]
[PlyCount "95"]
[EventDate "2008.02.15"]
[EventType "tourn"]
[EventRounds "5"]
[EventCountry "MEX"]
[Source "lmi"]
[SourceDate "2008.02.15"]

1. c4 Nf6 2. Nc3 g6 3. g3 Bg7 4. Bg2 O-O 5. e3 d6 6. Nge2 c6 7. O-O e5 8. d4
Nbd7 9. b3 Re8 10. Ba3 exd4 11. Nxd4 Qa5 12. Bb2 Nb6 13. a3 Bg4 14. f3 Bd7 15.
Re1 Qh5 16. a4 a5 17. Qd2 Bh3 18. Nce2 Bxg2 19. Kxg2 d5 20. Nf4 Qh6 21. c5 Nbd7
22. Rac1 Nh5 23. Nh3 Nhf6 24. Nf4 Nh5 25. Nd3 f5 26. Bc3 Qg5 27. Bxa5 Bh6 28.
Nf4 Re7 29. Nde6 Qf6 30. Bc3 Qf7 31. Nxh5 Rxe6 32. Nf4 Re7 33. Bd4 Nf8 34. h4
Ne6 35. Nxe6 Rxe6 36. Re2 Rae8 37. Rce1 Qe7 38. Kf2 Bg7 39. Bxg7 Kxg7 40. Qd4+
Kg8 41. b4 Ra8 42. a5 h5 43. Ra2 Kh7 44. Rb1 Re8 45. Ra3 f4 46. Qxf4 Rf8 47.
Qd4 Qf7 48. Qd1 1-0

[Event "2. Campeonato Iberoamericano Grupo B"]
[Site "Morelia MEX"]
[Date "2008.02.16"]
[Round "2.3"]
[White "Bruzon Bautista, Lazaro"]
[Black "Flores, Diego"]
[Result "1/2-1/2"]
[WhiteElo "2607"]
[BlackElo "2558"]
[PlyCount "110"]
[EventDate "2008.02.15"]
[EventType "tourn"]
[EventRounds "5"]
[EventCountry "MEX"]
[Source "lmi"]
[SourceDate "2008.02.15"]

1. d4 g6 2. Nf3 Bg7 3. e4 d6 4. Nc3 Nd7 5. Bc4 e6 6. O-O a6 7. a4 b6 8. Re1 Bb7
9. e5 dxe5 10. d5 exd5 11. Nxd5 Ne7 12. Bg5 Bxd5 13. Bxd5 Rb8 14. Bc6 f6 15.
Bxf6 Bxf6 16. Nxe5 Bxe5 17. Rxe5 Rf8 18. Qd5 Rf7 19. Rae1 Kf8 20. Qxd7 Nxc6 21.
Qxc6 Qd4 22. R5e3 Qxb2 23. Rf3 Rxf3 24. gxf3 Qg7 25. Rd1 Qe7 26. Rd4 Rd8 27.
Rf4+ Kg8 28. h4 a5 29. Qc4+ Kg7 30. Re4 Qf7 31. Qc3+ Kg8 32. Qe3 Rf8 33. Kg2
Qf6 34. Kg3 Qd6+ 35. f4 Qf6 36. f3 Rf7 37. Re6 Qf5 38. c4 Kg7 39. Re5 Qf6 40.
Qe4 Kg8 41. Re6 Qf5 42. Qe5 Qxe5 43. fxe5 Kf8 44. Rc6 Ke8 45. f4 Re7 46. e6 Kf8
47. f5 Kg7 48. c5 gxf5 49. cxb6 cxb6 50. Rxb6 Kf6 51. Ra6 Rxe6 52. Rxa5 Re3+
53. Kf4 Re4+ 54. Kg3 Re3+ 55. Kf4 Re4+ 1/2-1/2

[Event "2. Campeonato Iberoamericano Grupo B"]
[Site "Morelia MEX"]
[Date "2008.02.17"]
[Round "3.1"]
[White "Flores, Diego"]
[Black "Galego, Luis"]
[Result "1-0"]
[WhiteElo "2558"]
[BlackElo "2529"]
[PlyCount "111"]
[EventDate "2008.02.15"]
[EventType "tourn"]
[EventRounds "5"]
[EventCountry "MEX"]
[Source "lmi"]
[SourceDate "2008.02.15"]

1. c4 Nf6 2. Nc3 c5 3. g3 Nc6 4. Bg2 d6 5. e3 g6 6. Nge2 Bg7 7. O-O O-O 8. d4
cxd4 9. exd4 Bg4 10. Be3 Rc8 11. h3 Bxe2 12. Qxe2 Nd7 13. Qd2 a6 14. Rac1 Qa5
15. b3 f5 16. Rfe1 Nf6 17. d5 Ne5 18. Bd4 Nh5 19. f4 Bh6 20. Qf2 Nd3 21. Qe3
Ne5 22. Kh2 Qc7 23. Qe2 Nf7 24. Bf3 Bg7 25. Bxg7 Nxg7 26. Qxe7 Qb6 27. Qe3 Qa5
28. Qd2 b5 29. Be2 Qb6 30. Bf1 bxc4 31. Bxc4 h5 32. Na4 Qa7 33. Qe3 Qxe3 34.
Rxe3 h4 35. gxh4 Nh5 36. Rf1 a5 37. Nc3 Kg7 38. Ne2 Rfe8 39. Re6 Rxe6 40. dxe6
d5 41. Bxd5 Rc2 42. exf7 Rxe2+ 43. Kg1 Nf6 44. Bc4 Rxa2 45. h5 Nh7 46. hxg6
Kxg6 47. Rf2 Ra1+ 48. Kh2 Nf8 49. Rd2 a4 50. Rd6+ Kg7 51. Ra6 a3 52. h4 a2 53.
h5 Kh7 54. h6 Ng6 55. Bd3 Rd1 56. Bxf5 1-0

[Event "2. Campeonato Iberoamericano Grupo B"]
[Site "Morelia MEX"]
[Date "2008.02.17"]
[Round "3.2"]
[White "Lorenzana, Wilson Estuardo"]
[Black "Bruzon Bautista, Lazaro"]
[Result "0-1"]
[WhiteElo "2230"]
[BlackElo "2607"]
[PlyCount "58"]
[EventDate "2008.02.15"]
[EventType "tourn"]
[EventRounds "5"]
[EventCountry "MEX"]
[Source "lmi"]
[SourceDate "2008.02.15"]

1. e4 e5 2. Nf3 Nc6 3. Bc4 Nf6 4. d3 Be7 5. c3 O-O 6. O-O d6 7. h3 Kh8 8. Re1
Ng8 9. Nbd2 f5 10. b4 Bf6 11. Nf1 f4 12. N1h2 Nh6 13. Kh1 Qe8 14. Qb3 g5 15.
Ng1 g4 16. f3 gxh3 17. gxh3 Qh5 18. Re2 Bh4 19. Ng4 Bg3 20. Be6 Nxg4 21. fxg4
Bxe6 22. Qxe6 Qh4 23. Kg2 Rae8 24. Qc4 f3+ 25. Nxf3 Rxf3 26. Bg5 Qxg5 27. Kxf3
Qf4+ 28. Kg2 Rf8 29. Kh1 Bf2 0-1

[Event "2. Campeonato Iberoamericano Grupo C"]
[Site "Morelia MEX"]
[Date "2008.02.15"]
[Round "1.1"]
[White "Illescas Cordoba, Miguel"]
[Black "Matamoros Franco, Carlos"]
[Result "1-0"]
[WhiteElo "2605"]
[BlackElo "2529"]
[PlyCount "111"]
[EventDate "2008.02.15"]
[EventType "tourn"]
[EventRounds "5"]
[EventCountry "MEX"]
[Source "lmi"]
[SourceDate "2008.02.15"]

1. d4 d6 2. Nf3 Nf6 3. c4 g6 4. Nc3 Bg7 5. e4 O-O 6. Be2 c6 7. O-O e5 8. Re1
Na6 9. Bf1 Bg4 10. d5 c5 11. h3 Bc8 12. Nh2 Kh8 13. a3 Ng8 14. f4 f6 15. Nf3
exf4 16. Bxf4 Nh6 17. Bd2 Nf7 18. Ne2 Bh6 19. Nf4 Nc7 20. Qc1 Kg8 21. b4 b6 22.
Rb1 Re8 23. bxc5 bxc5 24. Rb3 Bd7 25. Qb2 Rb8 26. Rxb8 Qxb8 27. Qxf6 Bg7 28.
Qh4 Qb3 29. Nd3 Qxa3 30. Rb1 Bc8 31. Rb8 Na6 32. Rb5 Qa1 33. Ra5 Qf6 34. Qe1
Qe7 35. Nf2 Nb8 36. Bc3 Bxc3 37. Qxc3 a6 38. Ra1 Nd7 39. Nd3 Nde5 40. Ndxe5
Nxe5 41. Nxe5 Qxe5 42. Qxe5 Rxe5 43. Rb1 Kf7 44. Rb8 Re8 45. e5 dxe5 46. Kf2
Ke7 47. Ke3 Bd7 48. Rb6 Ra8 49. Ke4 a5 50. Kxe5 a4 51. d6+ Kf7 52. Kd5 a3 53.
Rb1 a2 54. Ra1 Bf5 55. Be2 Ra5 56. g4 1-0

[Event "2. Campeonato Iberoamericano Grupo C"]
[Site "Morelia MEX"]
[Date "2008.02.15"]
[Round "1.3"]
[White "Guillen Ramirez, Jose A"]
[Black "Ibarra Chami, Luis Fernando"]
[Result "0-1"]
[WhiteElo "2237"]
[BlackElo "2364"]
[PlyCount "92"]
[EventDate "2008.02.15"]
[EventType "tourn"]
[EventRounds "5"]
[EventCountry "MEX"]
[Source "lmi"]
[SourceDate "2008.02.15"]

1. f4 d5 2. Nf3 Nf6 3. e3 Bg4 4. b3 Nbd7 5. Bb2 c6 6. d4 e6 7. Nbd2 Ne4 8. Be2
Qa5 9. O-O Nc3 10. Qe1 Nxe2+ 11. Qxe2 Bd6 12. Qf2 Bxf3 13. Nxf3 O-O-O 14. c4
Nf6 15. c5 Bb8 16. a4 Ne4 17. Qc2 f6 18. Rac1 Rdg8 19. Bc3 Qc7 20. Nd2 Nxc3 21.
Qxc3 g5 22. b4 h5 23. b5 gxf4 24. exf4 Rg4 25. bxc6 bxc6 26. Rb1 Rhg8 27. Rf2
Qg7 28. g3 h4 29. Nf1 hxg3 30. hxg3 Bxf4 31. Rxf4 Rxf4 32. Qe3 e5 33. dxe5 fxe5
34. Qd3 Rc4 35. Qf5+ Kc7 36. a5 Rxc5 37. a6 Rb5 38. Rc1 Rb3 39. Rxc6+ Kxc6 40.
Qc2+ Kd6 41. Qxb3 Qc7 42. Kg2 Qc4 43. Qb2 Rf8 44. Qa3+ Qc5 45. Qb2 Ke6 46. Qe2
Qc4 0-1

[Event "2. Campeonato Iberoamericano Grupo C"]
[Site "Morelia MEX"]
[Date "2008.02.16"]
[Round "2.1"]
[White "Matamoros Franco, Carlos"]
[Black "Ibarra Chami, Luis Fernando"]
[Result "1/2-1/2"]
[WhiteElo "2529"]
[BlackElo "2364"]
[PlyCount "105"]
[EventDate "2008.02.15"]
[EventType "tourn"]
[EventRounds "5"]
[EventCountry "MEX"]
[Source "lmi"]
[SourceDate "2008.02.15"]

1. c4 e6 2. g3 d5 3. Bg2 Nf6 4. Nf3 dxc4 5. Qc2 Qd5 6. O-O Nc6 7. Na3 Bxa3 8.
bxa3 e5 9. Bb2 e4 10. Bxf6 gxf6 11. Nh4 Nd4 12. Qxe4+ Qxe4 13. Bxe4 Nxe2+ 14.
Kg2 O-O 15. Rfe1 Nd4 16. Rac1 Be6 17. Bxb7 Rab8 18. Ba6 Nb5 19. a4 Nd6 20. d3
Rb4 21. Bxc4 Nxc4 22. dxc4 Rxa4 23. Kg1 Rxa2 24. Ng2 Ra6 25. Nf4 Rc6 26. Nxe6
fxe6 27. Red1 Rd6 28. c5 Rxd1+ 29. Rxd1 a5 30. Ra1 Ra8 31. Ra4 e5 32. Kg2 Kf7
33. Kf3 Ke6 34. Kg4 c6 35. h4 Ra7 36. h5 h6 37. Kf3 Ra8 38. Ke4 f5+ 39. Kf3 Kd5
40. g4 f4 41. g5 hxg5 42. Kg4 e4 43. h6 f3 44. Kxg5 Kxc5 45. h7 Kb5 46. Rxe4 a4
47. Re7 a3 48. Ra7 Rh8 49. Kg6 Kb4 50. Rb7+ Kc4 51. Ra7 Kb3 52. Rb7+ Kc4 53.
Ra7 1/2-1/2

[Event "2. Campeonato Iberoamericano Grupo C"]
[Site "Morelia MEX"]
[Date "2008.02.17"]
[Round "3.1"]
[White "Granda Zuñiga, Julio E"]
[Black "Matamoros Franco, Carlos"]
[Result "1-0"]
[WhiteElo "2588"]
[BlackElo "2529"]
[PlyCount "143"]
[EventDate "2008.02.15"]
[EventType "tourn"]
[EventRounds "5"]
[EventCountry "MEX"]
[Source "lmi"]
[SourceDate "2008.02.15"]

1. d4 Nf6 2. c4 g6 3. Nc3 Bg7 4. Nf3 O-O 5. e4 d6 6. Be2 e5 7. O-O Nc6 8. Be3
exd4 9. Nxd4 Re8 10. f3 Nh5 11. Qd2 Nf4 12. Bxf4 Nxd4 13. Bd3 c6 14. Rad1 a6
15. Rfe1 b5 16. Bf1 bxc4 17. Bxc4 Be6 18. Bxe6 Rxe6 19. Be3 Nb5 20. Ne2 d5 21.
Nf4 Rd6 22. exd5 cxd5 23. Bc5 Rd7 24. Qf2 d4 25. Nd3 Rc8 26. Bb4 a5 27. Bd2 Nd6
28. Rc1 h5 29. Qg3 Nf5 30. Qg5 Qf8 31. Bxa5 Bh6 32. Rxc8 Qxc8 33. Qf6 Be3+ 34.
Kh1 Rd6 35. Qe5 Qa8 36. Bc7 Re6 37. Qb5 Qxa2 38. Nc5 Qd5 39. Qb8+ Kh7 40. Nxe6
Qxe6 41. Be5 f6 42. Bxd4 Nxd4 43. Qa7+ Kh6 44. Qxd4 Bxd4 45. Rxe6 Bxb2 46. g3
f5 47. Re7 Kg5 48. Re6 Kh6 49. Kg2 Kg7 50. Kf1 Kf7 51. Rc6 Be5 52. Ke2 Bb2 53.
Kd3 Ba1 54. Kc4 Bb2 55. Kd5 Ba1 56. Ra6 Bb2 57. Rc6 Ba1 58. Rc2 Bf6 59. Rc7+
Kf8 60. Ke6 Bd4 61. Rc4 Bb2 62. h3 Ba1 63. g4 hxg4 64. hxg4 fxg4 65. Rxg4 Kg7
66. f4 Bf6 67. f5 g5 68. Rg1 Bd8 69. Rd1 Ba5 70. f6+ Kg6 71. f7 Kg7 72. Rd6 1-0

[Event "2. Campeonato Iberoamericano Grupo C"]
[Site "Morelia MEX"]
[Date "2008.02.17"]
[Round "3.3"]
[White "Ibarra Chami, Luis Fernando"]
[Black "Iturrizaga Bonelli, Eduardo"]
[Result "0-1"]
[WhiteElo "2364"]
[BlackElo "2470"]
[PlyCount "84"]
[EventDate "2008.02.15"]
[EventType "tourn"]
[EventRounds "5"]
[EventCountry "MEX"]
[Source "lmi"]
[SourceDate "2008.02.15"]

1. e4 c5 2. Nf3 Nc6 3. d4 cxd4 4. Nxd4 Qb6 5. Nb3 Nf6 6. Nc3 e6 7. Be3 Qc7 8.
g3 b6 9. Bf4 Ne5 10. Bg2 d6 11. Qe2 a6 12. O-O Bb7 13. Nd2 b5 14. a3 Be7 15.
Nf3 Nfd7 16. Nxe5 dxe5 17. Be3 Nb6 18. Nd1 O-O 19. Bxb6 Qxb6 20. Ne3 Rac8 21.
Rfd1 Bc5 22. c3 Bc6 23. b4 Bxe3 24. Qxe3 Qxe3 25. fxe3 Rfd8 26. Kf2 Kf8 27. Bf3
Ke7 28. Rxd8 Rxd8 29. Ke2 Rc8 30. Bh1 f5 31. exf5 Bxh1 32. Rxh1 Rxc3 33. fxe6
Rxa3 34. Rc1 Kxe6 35. Kf3 Ra4 36. Rc7 g5 37. g4 Rxb4 38. Rc6+ Kd5 39. Rxa6 e4+
40. Kg3 Rb3 41. Kf2 Rb2+ 42. Kg1 b4 0-1

[Event "2. Campeonato Iberoamericano Grupo D"]
[Site "Morelia MEX"]
[Date "2008.02.15"]
[Round "1.2"]
[White "Khamrakulov, Ibragim S"]
[Black "Zambrana, Oswaldo"]
[Result "1/2-1/2"]
[WhiteElo "2589"]
[BlackElo "2511"]
[PlyCount "82"]
[EventDate "2008.02.15"]
[EventType "tourn"]
[EventRounds "5"]
[EventCountry "MEX"]
[Source "lmi"]
[SourceDate "2008.02.15"]

1. e4 c5 2. c3 d6 3. d4 Nf6 4. Bd3 g6 5. Nf3 Bg7 6. O-O O-O 7. h3 Qc7 8. Bf4
Nfd7 9. d5 Na6 10. Nbd2 Qb8 11. a4 Nc7 12. Nc4 b6 13. Qd2 Ba6 14. Rae1 Qb7 15.
Ne3 Bxd3 16. Qxd3 Rad8 17. Bg5 Rde8 18. b4 b5 19. a5 e6 20. dxe6 Rxe6 21. Bf4
c4 22. Qd2 Nf6 23. e5 dxe5 24. Bxe5 Ne4 25. Qd4 Bxe5 26. Nxe5 Rd6 27. Nd5 Qxd5
28. Qxe4 Qxe4 29. Rxe4 Re8 30. Re3 Rde6 31. Ng4 Nd5 32. Rxe6 Rxe6 33. Rc1 Re2
34. Kf1 Rd2 35. Ne5 Nf4 36. Nf3 Ra2 37. Nd4 a6 38. h4 Kf8 39. g3 Nd5 40. Ke1
Ra3 41. Ne2 Ke7 1/2-1/2

[Event "2. Campeonato Iberoamericano Grupo D"]
[Site "Morelia MEX"]
[Date "2008.02.15"]
[Round "1.3"]
[White "Baules, Jorge"]
[Black "Arias, Lemmys A"]
[Result "0-1"]
[WhiteElo "2291"]
[BlackElo "2293"]
[PlyCount "72"]
[EventDate "2008.02.15"]
[EventType "tourn"]
[EventRounds "5"]
[EventCountry "MEX"]
[Source "lmi"]
[SourceDate "2008.02.15"]

1. Nf3 d5 2. c4 c6 3. d4 Nf6 4. Nc3 a6 5. c5 Nbd7 6. Bf4 Nh5 7. e3 Nxf4 8. exf4
g6 9. Bd3 Bg7 10. O-O O-O 11. Re1 Re8 12. h4 Nf8 13. Qd2 f6 14. Na4 Bg4 15. Nh2
Bf5 16. Nb6 Rb8 17. Bxf5 gxf5 18. Qd3 e6 19. Re2 Qc7 20. g3 Qf7 21. Rae1 Re7
22. Nf1 Qh5 23. Kg2 Rbe8 24. Ne3 Ng6 25. Kg1 Bh6 26. Ng2 e5 27. Qd1 Qg4 28.
dxe5 fxe5 29. h5 Qxh5 30. fxe5 f4 31. e6 f3 32. Rc2 Rxe6 33. Rxe6 Rxe6 34. Rc3
Re2 35. Nd7 Qf5 36. Nb6 Qe4 0-1

[Event "2. Campeonato Iberoamericano Grupo D"]
[Site "Morelia MEX"]
[Date "2008.02.16"]
[Round "2.2"]
[White "Zambrana, Oswaldo"]
[Black "Baules, Jorge"]
[Result "1-0"]
[WhiteElo "2511"]
[BlackElo "2291"]
[PlyCount "117"]
[EventDate "2008.02.15"]
[EventType "tourn"]
[EventRounds "5"]
[EventCountry "MEX"]
[Source "lmi"]
[SourceDate "2008.02.15"]

1. e4 c5 2. Nf3 Nc6 3. d4 cxd4 4. Nxd4 Nf6 5. Nc3 e5 6. Ndb5 d6 7. Bg5 a6 8.
Na3 b5 9. Nd5 Be7 10. Bxf6 Bxf6 11. c4 b4 12. Nc2 a5 13. g3 Bg5 14. Bg2 O-O 15.
h4 Bh6 16. O-O Be6 17. b3 Ne7 18. Nxe7+ Qxe7 19. Qd3 Qc7 20. Rfd1 Rfd8 21. a3
a4 22. Nxb4 axb3 23. Qxb3 Qxc4 24. Qxc4 Bxc4 25. Bf1 Bb3 26. Rdb1 Ba4 27. Ra2
Rdc8 28. Nd5 Rc2 29. Raa1 Bc6 30. Nb4 Rc5 31. Nxc6 Rxc6 32. Ra2 g6 33. a4 Rc5
34. Rb5 Rxb5 35. Bxb5 Ra5 36. Rc2 Ra7 37. Rc8+ Bf8 38. Kg2 Kg7 39. Kf3 f5 40.
Ke3 Be7 41. Kd3 h5 42. Kc4 fxe4 43. Kd5 e3 44. fxe3 g5 45. hxg5 Bxg5 46. e4 Be3
47. Kxd6 Bf2 48. Rc3 Bd4 49. Rf3 Kh6 50. Rf5 Rg7 51. Be8 Rxg3 52. Rxh5+ Kg7 53.
Bd7 Re3 54. Kd5 Rc3 55. Rh3 Rc5+ 56. Ke6 Ra5 57. Rg3+ Kh7 58. Kf6 Ra6+ 59. Be6
1-0

[Event "2. Campeonato Iberoamericano Grupo D"]
[Site "Morelia MEX"]
[Date "2008.02.16"]
[Round "2.3"]
[White "Hernandez Carmenates, Holden"]
[Black "Khamrakulov, Ibragim S"]
[Result "1/2-1/2"]
[WhiteElo "2590"]
[BlackElo "2589"]
[PlyCount "51"]
[EventDate "2008.02.15"]
[EventType "tourn"]
[EventRounds "5"]
[EventCountry "MEX"]
[Source "lmi"]
[SourceDate "2008.02.15"]

1. Nf3 Nf6 2. c4 e6 3. g3 b6 4. Bg2 Bb7 5. d4 Be7 6. Nc3 Ne4 7. Bd2 Nxd2 8.
Qxd2 d6 9. d5 e5 10. O-O O-O 11. e4 Nd7 12. Ne1 c6 13. Nd3 a5 14. Bh3 cxd5 15.
Nxd5 Bxd5 16. cxd5 Nc5 17. Qe2 g6 18. Ne1 Qe8 19. Ng2 Qa4 20. f3 Bg5 21. Kh1
Bh6 22. Ne3 Bxe3 23. Qxe3 Qb4 24. Rf2 a4 25. Rc1 b5 26. Ra1 1/2-1/2